| 000 | 00510nam a2200217Ia 4500 | ||
|---|---|---|---|
| 003 | OSt | ||
| 005 | 20230417113654.0 | ||
| 008 | 210423s2005 xx 000 0 und d | ||
| 020 | _a395974987 | ||
| 040 | _cAL | ||
| 041 | _aeng | ||
| 082 | _a823.08 HART | ||
| 100 |
_aHARDY (Thomas). _989282 |
||
| 245 | _aMayor of Casterbridge. | ||
| 250 | _a2 | ||
| 260 |
_aNew York _bW W Norton & Co., _c2005 |
||
| 300 |
_axiii,461 _bPB |
||
| 365 |
_b295 _cINR |
||
| 906 | _acasterbridge. ; Mayor | ||
| 942 |
_2ddc _cBK |
||
| 999 |
_c159942 _d159942 |
||